000 00688cam a2200241 4500500
005 20260405003814.0
041 _afre
042 _adc
100 1 0 _aEnjalbert, Cédric
_eauthor
245 0 0 _a“Nicolas de Staël” : L’abstrait et l’absurde
260 _c2023.
500 _a23
690 _aAbstraction
690 _aAbsurde
690 _aCamus
690 _aEsthétique
690 _aPeinture
690 _aSud
690 _aSuicide
690 _aYves Michaud
786 0 _nPhilosophie magazine | 174 | 11 | 2023-11-01 | p. 74-75 | 1951-1787
856 4 1 _uhttps://shs.cairn.info/magazine-philosophie-magazine-2023-11-page-74?lang=fr&redirect-ssocas=7080
999 _c2070987
_d2070987